000
00364nam a2200169Ia 4500
100
_a
Nisha Tripathi
650
_a
Start up
942
_c
BK
366
_f
25
654
_a
start up
245
_a
No shortcuts:Rare insights from 15 successful start-up founders
260
_b
sage
_c
2018
082
_b
NIS
300
_a
279
546
_a
ENGLISH
999
_c
18086
_d
18086